Southville International School and Colleges
Your cart is empty.
  • Cart
  • Lists
    Public lists Eva Luna New books Lux_list list_1
    Your lists Log in to create your own lists
  • Log in to your account
  • Your cookies
  • Search history
Southville International School and Colleges
  • Advanced search
  • Recent comments
  • Most popular
  • Libraries

Log in to your account

Log in with GOOGLE


If you do not have an external account, but do have a local account, you can still log in:

  1. Home
  2. MARC view: Linguistic insights
Normal view MARC view ISBD view

Linguistic insights (Record no. 366894)

[ view plain ]
MARC details
000 -LEADER
fixed length control field 00627nam a22001937a 4500
003 - CONTROL NUMBER IDENTIFIER
control field 0
005 - DATE AND TIME OF LATEST TRANSACTION
control field 20250107101127.0
008 - FIXED-LENGTH DATA ELEMENTS--GENERAL INFORMATION
fixed length control field 250107b xxu||||| |||| 00| 0 eng d
020 ## - INTERNATIONAL STANDARD BOOK NUMBER
International Standard Book Number 978-3-0343-3790-8
050 ## - LIBRARY OF CONGRESS CALL NUMBER
Classification number PE1450
Item number C53 2020
100 ## - MAIN ENTRY--PERSONAL NAME
Personal name Claridge, Claudia
245 ## - TITLE STATEMENT
Title Linguistic insights
Remainder of title Punctuation in context-past and present perspectives
Statement of responsibility, etc Claridge, Claudia
260 ## - PUBLICATION, DISTRIBUTION, ETC. (IMPRINT)
Place of publication, distribution, etc Bern, Switzerland
Name of publisher, distributor, etc Peter Lang
Date of publication, distribution, etc c2020
300 ## - PHYSICAL DESCRIPTION
Extent 287 pages ;
Dimensions 23cm.
504 ## - BIBLIOGRAPHY, ETC. NOTE
Bibliography, etc Includes bibliographical references and index.
650 ## - SUBJECT ADDED ENTRY--TOPICAL TERM
Topical term or geographic name as entry element English language--punctuation.
650 ## - SUBJECT ADDED ENTRY--TOPICAL TERM
Topical term or geographic name as entry element Punctuation marks.
942 ## - ADDED ENTRY ELEMENTS (KOHA)
Source of classification or shelving scheme Library of Congress Classification
Koha item type Books
Holdings
Withdrawn status Lost status Source of classification or shelving scheme Damaged status Home library Current library Shelving location Date acquired Source of acquisition Total Checkouts Full call number Barcode Date last seen Price effective from Koha item type
    Library of Congress Classification   College Library College Library Reserve Section 01/07/2025 Library Fund   PE 1450 C53 2020 C23996 01/07/2025 01/07/2025 Books

Linguistic insights

APA

Claridge C., . (2020). Linguistic insights. Bern, Switzerland: Peter Lang.

Chicago

Claridge Claudia, . 2020. Linguistic insights. Bern, Switzerland: Peter Lang.

Harvard

Claridge C., . (2020). Linguistic insights. Bern, Switzerland: Peter Lang.

MLA

Claridge Claudia, . Linguistic insights. Bern, Switzerland: Peter Lang. 2020.

  • Place hold
  • Print
  • Cite
  • Add to your cart (remove)
  • Save record
    BIBTEX Dublin Core MARCXML MARC (non-Unicode/MARC-8) MARC (Unicode/UTF-8) MARC (Unicode/UTF-8, Standard) MODS (XML) RIS
  • More searches
    Search for this title in:
    Other Libraries (WorldCat) Other Databases (Google Scholar) Online Stores (Bookfinder.com) Open Library (openlibrary.org)

Exporting to Dublin Core...

SOUTHVILLE LIBRARY

Southville International School and Colleges Library

1281 Tropical Ave. Cor. Luxembourg St., BF Homes International, Las Pinas City

Tel. No. 8256374 / 252358 Loc. 117/146

Powered by Koha